000
00217nam a22000857a 4500
008
160713b xxu||||| |||| 00| 0 eng d
100
_9
2747
_a
Coulmas, F., et al
245
_a
Writing in Focus
260
_a
N.Y
_b
Mouton
_c
1983
999
_c
2385
_d
2385